书目信息 |
| 题名: |
山林矿难及自然灾害应急救援
|
|
| 作者: | ;消防局警官培训基地 编 | |
| 分册: | ||
| 出版信息: | 北京 中国人民公安大学出版社 2018.06 |
|
| 页数: | 220页 | |
| 开本: | 24cm | |
| 丛书名: | 消防灭火救援案例评析 | |
| 单 册: | ||
| 中图分类: | X43 , TD77 | |
| 科图分类: | ||
| 主题词: | 自然灾害--zi ran zai hai--救援 , 矿山事故--kuang shan shi gu--救援 | |
| 电子资源: | ||
| ISBN: | 978-7-5653-3356-9 | |
| 000 | 01058nam 2200277 450 | |
| 001 | 0100010315 | |
| 005 | 20190905093951.0 | |
| 010 | @a978-7-5653-3356-9@dCNY52.00 | |
| 100 | @a20190901d2018 em y0chiy50 ea | |
| 101 | 0 | @achi |
| 102 | @aCN@b110000 | |
| 105 | @aa z 000yy | |
| 106 | @ar | |
| 200 | 1 | @a山林矿难及自然灾害应急救援@Ashan lin kuang nan ji zi ran zai hai ying ji jiu yuan@f消防局警官培训基地编 |
| 210 | @a北京@c中国人民公安大学出版社@d2018.06 | |
| 215 | @a220页@c图@d24cm | |
| 225 | 2 | @a消防灭火救援案例评析@Axiao fang mie huo jiu yuan an li ping xi |
| 330 | @a该书共分为六篇, 内容包括: 山林火灾扑救与矿难救援, 洪涝灾害应急救援, 山体滑坡泥石流地质灾害应急救援, 台风暴雪气象灾害应急救援, 地震灾害应急救援等。 | |
| 410 | 0 | @12001 @a消防灭火救援案例评析 |
| 606 | 0 | @a自然灾害@Azi ran zai hai@x救援 |
| 606 | 0 | @a矿山事故@Akuang shan shi gu@x救援 |
| 690 | @aX43@v5 | |
| 690 | @aTD77@v5 | |
| 711 | 02 | @a消防局警官培训基地@Axiao fang ju jing guan pei xun ji di@4编 |
| 801 | 0 | @aCN@c20190905 |
| 905 | @a河南城建学院图书馆@dX43@eX298 | |
| 山林矿难及自然灾害应急救援/消防局警官培训基地编.-北京:中国人民公安大学出版社,2018.06 |
| 220页:图;24cm.-(消防灭火救援案例评析) |
| ISBN 978-7-5653-3356-9:CNY52.00 |
| 该书共分为六篇, 内容包括: 山林火灾扑救与矿难救援, 洪涝灾害应急救援, 山体滑坡泥石流地质灾害应急救援, 台风暴雪气象灾害应急救援, 地震灾害应急救援等。 |
| ● |
| 相关链接 |
|
|
|
正题名:山林矿难及自然灾害应急救援
索取号:X43/X298
 
预约/预借
| 序号 | 登录号 | 条形码 | 馆藏地/架位号 | 状态 | 备注 |
| 1 | 1437938 | 214379386 | 自科库501/501自科库 67排6列5层/ [索取号:X43/X298] | 在馆 | |
| 2 | 1437939 | 214379395 | 自科库501/501自科库 67排6列5层/ [索取号:X43/X298] | 在馆 |